logo

Bir Sreshtho Munshi Abdur Rouf Library
Jhenaidah Cadet College

Electronic circuit design : (Record no. 8594)

MARC details
000 -LEADER
fixed length control field 00854nam a2200289 a 4500
001 - CONTROL NUMBER
JCCL Control Number 8594
003 - CONTROL NUMBER IDENTIFIER
JCCL marc code BD - JhCC
005 - DATE AND TIME OF LATEST TRANSACTION
control field 20180227194515.0
008 - FIXED-LENGTH DATA ELEMENTS--GENERAL INFORMATION
fixed length control field 500101s1988 enk 001 0 eng d
020 ## - INTERNATIONAL STANDARD BOOK NUMBER
International Standard Book Number 0521353297
020 ## - INTERNATIONAL STANDARD BOOK NUMBER
International Standard Book Number 0521358582 pbk
035 ## - SYSTEM CONTROL NUMBER
system control number (BD - JhCC)8594
040 ## - CATALOGING SOURCE
Original cataloging agency BD-JhCC
Modifying agency BD-JhCC
041 ## - LANGUAGE CODE
Language code of Book eng
050 #0 - LIBRARY OF CONGRESS CALL NUMBER
Classification number TK7867
082 ## - DEWEY DECIMAL CLASSIFICATION NUMBER
Classification number 621.3815/3
DDC Edition number 19
Author mark and Year ODE 1988
100 1# - MAIN ENTRY--PERSONAL NAME
Personal name O'Dell, T. H.
Fuller form of name (Thomas Henry)
245 10 - TITLE STATEMENT
Title Electronic circuit design :
Remainder of title art and practice /
Statement of responsibility, etc T.H. O'Dell
260 ## - PUBLICATION, DISTRIBUTION, ETC. (IMPRINT)
Place of publication, distribution, etc Cambridge :
Name of publisher, distributor, etc Cambridge University Press,
Date of publication, distribution, etc 1988
300 ## - PHYSICAL DESCRIPTION
Pagination x, 172 p :
Other physical details ill. ;
Dimensions 24 cm
490 1# - SERIES STATEMENT
Series statement Electronics texts for engineers and scientists
504 ## - BIBLIOGRAPHY, ETC. NOTE
Bibliography, etc Includes index
650 #0 - SUBJECT ADDED ENTRY--TOPICAL TERM
Topical term or geographic name as entry element Electronic circuit design
830 #0 - SERIES ADDED ENTRY--UNIFORM TITLE
Uniform title Electronics texts for engineers and scientists
942 ## - ADDED ENTRY ELEMENTS (KOHA)
Source of classification or shelving scheme Dewey Decimal Classification
Koha item type Books
Holdings
Source of classification or shelving scheme Damaged status Not for loan Home library Current library Shelving location Total Checkouts Full call number Barcode Date last seen Copy number Koha item type
Dewey Decimal Classification     JCC Rouf Library JCC Rouf Library General Stacks   621.3815/3 ODE 1988 11125 02/27/2018 C - 1 Books

JCC Library | Contacts | JCC Home

Last Update on 23 September 2017
Copyright @ 2017-2020 JCC Rouf Library
Rouf Library, Jhenidah Cadet College (JCC), Bangladesh